Significant Regions of Pakistani Diaspora - Statistics

General Stats
  • This quiz has been taken 52 times
  • The average score is 23 of 29
Answer Stats
Overseas Pakistanis Country % Correct
684,438 United States
100%
1,662,286 United Kingdom
98%
15,000 China
96%
303,260 Canada
93%
140,000 Germany
93%
235,505 Qatar
93%
2,714,684 Saudi Arabia
93%
100,000 France
91%
918,982 India
89%
339,033 Kuwait
89%
250,092 Oman
89%
123,882 Spain
89%
1,600,000 United Arab Emirates
89%
162,413 Italy
87%
89,633 Australia
84%
14,320 Iran
84%
117,000 Bahrain
82%
17,290 Turkey
78%
221,432 Afghanistan
76%
23,417 Japan
73%
27,261 Netherlands
71%
30,000 Portugal
69%
27,292 Sweden
69%
19,247 Belgium
64%
26,714 Denmark
62%
46,300 Norway
62%
16,500 Jordan
60%
34,177 Greece
58%
85,013 Malaysia
58%
No matching quizzes found
Score Distribution
Percent of People with Each Score
Percentile by Number Answered
Your Score History
You have not taken this quiz